| 000 | 00729cam a22002413a 4500 | ||
|---|---|---|---|
| 001 | 20060 | ||
| 003 | PGUSA | ||
| 005 | 20140828083426.0 | ||
| 008 | 061208s2006||||xxu|||||s|||||000 | eng d | ||
| 040 |
_aPGUSA _beng |
||
| 042 | _adc | ||
| 050 | 4 | _aPT | |
| 100 | 1 |
_aHeijermans, Herman, _d1864-1924 |
|
| 245 | 1 | 0 |
_aGevleugelde Daden : _bAvonturen der Eerste Hollandsche Luchtschippers _h[electronic resource] / _cHerman Heijermans |
| 260 |
_bProject Gutenberg, _c2006 |
||
| 500 | _aIllustrated by the author. | ||
| 506 | _aPublic domain in the USA. | ||
| 516 | _aElectronic text | ||
| 653 | _aFlying-machines -- Humor | ||
| 830 | 0 |
_aProject Gutenberg _v20060 |
|
| 856 | 4 | 0 | _uhttp://www.gutenberg.org/ebooks/20060 |
| 942 | _cEB | ||
| 999 |
_c249315 _d249315 |
||